000 00704nam a2200265Ia 4500
005 20260121171510.0
008 008 260114s9999 xx 000 0 eng d
020 _a9783030060107
037 _aEBOOK
040 _aCRL
040 _beng
040 _cCRL
041 _2eng
041 _aeng
084 _qCRL
100 _aLemonia Ragia, Robert Laurini, Jorge Gustavo Rocha
_91076969
245 0 _aGeographical Information Systems Theory, Applications and Management
260 _bSpringer
260 _bSpringer
260 _c2019
856 _uhttps://link.springer.com/openurl?genre=book&isbn=978-3-030-06010-7
942 _cEBOOK
999 _c1642699
_d1642699